| 000 | 00901cam a22002531 4500 | ||
|---|---|---|---|
| 001 | sa 68013636 | ||
| 003 | DLC | ||
| 005 | 20260227112623.0 | ||
| 008 | 711115s1968 ii 000 0 eng | ||
| 010 | _asa 68013636 | ||
| 025 | _aPL480:I-E-10264 | ||
| 040 |
_aDLC _cDLC _dDLC |
||
| 043 | _aa-ii--- | ||
| 050 | 0 | 0 |
_aKNS863.A31193 _bA73 1968 |
| 110 | 1 | _aIndia. | |
| 240 | 1 | 0 | _aSale of Goods Act, 1930 |
| 245 | 1 | 4 |
_aThe sale of goods act, 1930, Act IX of 1930, _bwith an exhaustive, critical and analytical commentary, up-to-date Indian & foreign case-law, index, table of cases, and several useful appendices, _cby Om Prakash Aggarawala. |
| 250 | _a8th ed., thoroughly rev. & enl. | ||
| 260 |
_aDelhi, _bMetropolitan Book Co., _c1968. |
||
| 300 |
_axciv, 960 p. _c25 cm. |
||
| 490 | 0 | _aCommercial laws of India, v. 1 | |
| 650 | 0 |
_aSales _zIndia. |
|
| 700 | 1 |
_aAggarawala, Om Prakash, _d1905- _eed. |
|
| 999 |
_c85230 _d85230 |
||